Statistics for Top 10 Portuguese PL appearances

Click here to take the quiz!

General Stats

  • This quiz has been taken 16 times
  • The average score is 4 of 10

Answer Stats

AppsAnswer% Correct
196Ronaldo
100%
135Carvalho
79%
147Nani
64%
169Fonte
50%
112Bosingwa
50%
141Ferreira
43%
296Boa Morte
21%
75Xavier
21%
88Mendes
14%
94Vaz Te
0%

Score Distribution

Percentile by Number Answered

Percent of People with Each Score

Your Score History

You have not taken this quiz